Grammar of the Kurnata language (Record no. 122518)
[ view plain ]
| 000 -LEADER | |
|---|---|
| fixed length control field | 03454nam a2200253Ia 4500 |
| 003 - CONTROL NUMBER IDENTIFIER | |
| control field | OSt |
| 005 - DATE AND TIME OF LATEST TRANSACTION | |
| control field | 20251114095817.0 |
| 008 - FIXED-LENGTH DATA ELEMENTS--GENERAL INFORMATION | |
| fixed length control field | 210210b2018 xxu||||| |||| 00| 0 eng d |
| 040 ## - CATALOGING SOURCE | |
| Transcribing agency | AL |
| 041 ## - LANGUAGE CODE | |
| Language code of text/sound track or separate title | Kannada |
| 082 ## - DEWEY DECIMAL CLASSIFICATION NUMBER | |
| Classification number | K494.5 CARG |
| 100 ## - MAIN ENTRY--PERSONAL NAME | |
| Personal name | CAREY (W D D) |
| Dates associated with a name | ವಿಲಿಯಂ ಕೇರಿ |
| 9 (RLIN) | 245513 |
| 245 ## - TITLE STATEMENT | |
| Title | Grammar of the Kurnata language |
| Remainder of title | ಗ್ರಾಮರ್ ಆಫ್ ಕರ್ನಾಟ ಲಾಂಗ್ರೇಜ್ |
| 260 ## - PUBLICATION, DISTRIBUTION, ETC. | |
| Place of publication, distribution, etc. | Hampi |
| Name of publisher, distributor, etc. | Kannada Vishvavidyalaya Hampi |
| Date of publication, distribution, etc. | 2018 |
| 300 ## - PHYSICAL DESCRIPTION | |
| Extent | xxxviii,92 |
| 520 ## - SUMMARY, ETC. | |
| Summary, etc. | A Grammar of the Kurnata Language written, printed and published by William Carey, 202 years ago in 1817, is the first ever printed Book in Kannada. The book was printed in the Missionary Press, Serampur, Kolkata. Manohara, of Bengal origin, formulated the Kannada fonts for this book. In that sense this book has a historical significance of being the first ever printed book in Kannada. William Carey was a professor of Sanskrit, Bengali and Marathi, in Serampur, Kolkata.<br/><br/>ಎ.ವಿ.ನಾವಡ ಮತ್ತು ಡಾ. ಬಿ.ವಿ.ಮಹೀದಾಸ ಅವರು ಸಂಪಾದಿಸಿಕೊಟ್ಟಿರುವ ವಿಲಿಯಂ ಕೇರಿ ಅವರ 'ಎ ಗ್ರಾಮರ್ ಆಫ್ ಕರ್ನಾಟ ಲಾಂಗ್ರೇಜ್' ಕೃತಿ ಚಾರಿತ್ರಿಕವಾಗಿ ಮಹತ್ವದ್ದಾಗಿದೆ.<br/>ಬಹುಭಾಷಾ ಪಂಡಿತನಾದ ಇಂಗ್ಲೆಂಡಿನ ವಿಲಿಯಂ ಕೇರಿ ಸಂಸ್ಕೃತ, ಬೆಂಗಾಳಿ, ಮರಾಠಿ, ತೆಲುಗು ಭಾಷೆಗಳಿಗೆ ವ್ಯಾಕರಣ ಬರೆದಂತೆ ೧೮೧೭ರಲ್ಲಿ ಕನ್ನಡಕ್ಕೂ ಬರೆದ ಈ ವ್ಯಾಕರಣ ಕೃತಿಗೆ ಈಗ ಸರಿಯಾಗಿ ಇನ್ನೂರು ವರ್ಷಗಳು ಸಂದಿವೆ. ಕನ್ನಡದ ವ್ಯಾಕರಣವನ್ನು ಭಾಷಾಶಾಸ್ತ್ರ (ಫಿಲಾಲಾಜಿ)<br/>ನೆಲೆಯಲ್ಲಿ ಕನ್ನಡ ಭಾಷಿಕ ರಚನೆಯನ್ನು ಕುರಿತಂತೆ ರಚಿತವಾದ ಮುದ್ರಣಗೊಂಡ ಕ್ಷನಡದ ಮೊದಲ ಗ್ರಂಥ ಇದಾಗಿದೆ. ಈ ಗ್ರಂಥವನ್ನು ವಾರಣಾಸಿಯ ಬನಾರಸ್ ವಿಶ್ವವಿದ್ಯಾಲಯದ ಕನ್ನಡ ಅಧ್ಯಯನ 29 ಪೀಠದ ಮುಖ್ಯಸ್ಥರಾದ ಡಾ.ಶಿವಾನಂದ ಅವರು ೧೯೯೭ರಲ್ಲಿ ಕೆಲವು ಬದಲಾವಣೆಯೊಂದಿಗೆ ಪ್ರಕಟಿಸಿದ್ದರು. ಅದನ್ನು ಸಂಪಾದಕರು ಗಮನಿಸಿದ್ದರೂ, ಮಂಗಳೂರಿನ ಕರ್ನಾಟಕ ತಿಯಾಲಾಜಿಕಲ್ ಕಾಲೇಜಿನ ಪತ್ರಾಗಾರದಲ್ಲಿದ್ದ ಅದರ ಮೂಲ ಗ್ರಂಥದ ಪ್ರತಿಯನ್ನೇ ಆಧರಿಸಿ ಮತ್ತೊಮ್ಮೆ ಇಂದಿನ ಕಾಲದ ತಿಳುವಳಿಕೆಯಲ್ಲಿ ಪ್ರೊ. ಎ.ವಿ. ನಾವಡ ಡಾ. ಬಿ.ವಿ.ಮಹೀದಾಸ ಅವರು ಸಂಪಾದಿಸಿಕೊಟ್ಟಿದ್ದಾರೆ. |
| 650 ## - SUBJECT ADDED ENTRY--TOPICAL TERM | |
| Topical term or geographic name entry element | language |
| 9 (RLIN) | 245514 |
| 650 ## - SUBJECT ADDED ENTRY--TOPICAL TERM | |
| Topical term or geographic name entry element | kurnata |
| 9 (RLIN) | 245515 |
| 650 ## - SUBJECT ADDED ENTRY--TOPICAL TERM | |
| Topical term or geographic name entry element | Grammar |
| 9 (RLIN) | 245516 |
| 690 ## - LOCAL SUBJECT ADDED ENTRY--TOPICAL TERM (OCLC, RLIN) | |
| Topical term or geographic name as entry element | Kannada Grammar |
| 9 (RLIN) | 245517 |
| 700 ## - ADDED ENTRY--PERSONAL NAME | |
| Personal name | A.V.Navada & B.V.Mahidasa |
| Dates associated with a name | ಎ.ವಿ. ನಾವಡ & ಬಿ.ವಿ.ಮಹೀದಾಸ ed. |
| 9 (RLIN) | 245518 |
| 906 ## - LOCAL DATA ELEMENT F, LDF (RLIN) | |
| a | 072688 |
| 942 ## - ADDED ENTRY ELEMENTS (KOHA) | |
| Source of classification or shelving scheme | Dewey Decimal Classification |
| Koha item type | Book |
| Withdrawn status | Lost status | Source of classification or shelving scheme | Damaged status | Not for loan | Collection code | Home library | Current library | Shelving location | Date acquired | Source of acquisition | Cost, normal purchase price | Total Checkouts | Full call number | Barcode | Date last seen | Price effective from | Koha item type |
|---|---|---|---|---|---|---|---|---|---|---|---|---|---|---|---|---|---|
| Dewey Decimal Classification | Kannada | St Aloysius Library | St Aloysius Library | 02/17/2021 | Asmithe Prakashana, Mangalore-575002 | 100.00 | K494.5 CARG | 072688 | 02/17/2021 | 02/17/2021 | Book |